[Event "Leiden LCT op-B 11th"]
[White "Braggaar, Pim"]
[Black "Verstraeten, Iris"]
[Site "Leiden"]
[Round "6"]
[Result "1-0"]
[Date "2017.07.20"]
[WhiteElo "1902"]
[BlackElo "1734"]
[PlyCount "55"]
[EventDate "2017.07.14"]
[EventType "swiss"]
[EventRounds "9"]
[EventCountry "NED"]
[SourceTitle "EXT 2018"]
[Source "ChessBase"]
[SourceDate "2017.10.13"]
[SourceVersion "1"]
[SourceVersionDate "2017.10.13"]
[SourceQuality "1"]

1. e4 c5 2. Nc3 Nc6 3. Bc4 e6 4. f4 Qc7 5. d3 a6 6. a4 d6 7. Nf3 Nf6 8. 0-0 Be7 9. Kh1 0-0 10. Be3 Rd8 11. Ba2 d5 12. exd5 exd5 13. d4 b6 14. Ne2 c4 15. c3 b5 16. Ne5 Rb8 17. axb5 Rxb5 18. b3 Na5 19. b4 Nc6 20. Bb1 Bd6 21. Bc2 Rb6 22. Ng3 Re8 23. Bd2 Nd7 24. Bxh7+ Kf8 25. Bc2 f6 26. Qh5 Ke7 27. Nxc6+ Qxc6 28. Rae1+ 1-0

[Event "Leiden LCT op-B 11th"]
[White "Braggaar, Pim"]
[Black "Frijling, Jeroen"]
[Site "Leiden"]
[Round "2"]
[Result "0-1"]
[Date "2017.07.15"]
[WhiteElo "1902"]
[BlackElo "1762"]
[PlyCount "132"]
[EventDate "2017.07.14"]
[EventType "swiss"]
[EventRounds "9"]
[EventCountry "NED"]
[SourceTitle "EXT 2018"]
[Source "ChessBase"]
[SourceDate "2017.10.13"]
[SourceVersion "1"]
[SourceVersionDate "2017.10.13"]
[SourceQuality "1"]

1. e4 c5 2. Nc3 Nc6 3. f4 g6 4. Nf3 Bg7 5. Bc4 e6 6. a3 Nge7 7. 0-0 0-0 8. Kh1 d5 9. Ba2 a6 10. d3 b5 11. Qe1 b4 12. axb4 Nxb4 13. Bb1 Bb7 14. e5 Nf5 15. Na4 Qe7 16. c3 Nc6 17. d4 cxd4 18. Bxf5 exf5 19. Nxd4 Nxd4 20. cxd4 Bc6 21. Rf3 Bxa4 22. Rxa4 Rfc8 23. Rfa3 Qc7 24. Bd2 Bf8 25. Ra1 Qb6 26. Bc3 Rc6 27. h3 h5 28. h4 Rb8 29. Qe2 Qb5 30. Qf3 Qb3 31. Rxa6 Rxa6 32. Rxa6 Bb4 33. Rc6 Bxc3 34. bxc3 Qb1+ 35. Kh2 Qe4 36. Qxe4 fxe4 37. Rc5 Rb1 38. Kg3 Rf1 39. Ra5 Kf8 40. Ra2 Ke7 41. Re2 Rc1 42. Re3 Rc2 43. Kh3 Kd7 44. g4 hxg4+ 45. Kxg4 Kc6 46. Kg5 Rf2 47. e6 fxe6 48. Kxg6 Rxf4 49. h5 Rf3 50. Re2 Rg3+ 51. Kf6 Rh3 52. Kg5 Kb5 53. Kg4 Rh1 54. Re3 Kc4 55. Kg5 Rg1+ 56. Kf6 Rf1+ 57. Kg7 Rg1+ 58. Kh7 Kb3 59. h6 Kc2 60. c4 Kd2 61. cxd5 exd5 62. Ra3 e3 63. Kh8 e2 64. h7 Rh1 65. Ra2+ Ke3 66. Ra3+ Kxd4 0-1

[Event "Leiden LCT op-B 09th"]
[White "Braggaar, Pim"]
[Black "De Ruiter, Thomas"]
[Site "Leiden"]
[Round "5"]
[Result "1/2-1/2"]
[Date "2015.07.21"]
[WhiteElo "1953"]
[BlackElo "1817"]
[PlyCount "44"]
[EventDate "2015.07.17"]
[EventType "swiss"]
[EventRounds "9"]
[EventCountry "NED"]
[SourceTitle "EXT 2023"]
[Source "ChessBase"]
[SourceDate "2022.10.05"]
[SourceVersion "1"]
[SourceVersionDate "2022.10.05"]
[SourceQuality "1"]

1. e4 c5 2. Nc3 d6 3. f4 Nf6 4. Nf3 g6 5. Bc4 e6 6. d3 Bg7 7. 0-0 0-0 8. Bb3 Nc6 9. a3 d5 10. e5 Ne8 11. Ba4 Ne7 12. Ne2 Nc7 13. c4 b6 14. Be3 Bb7 15. Ng3 Rb8 16. Qe2 a6 17. Bc2 Bc6 18. Rab1 Nc8 19. Kh1 Qe7 20. Qf2 d4 21. Bd2 b5 22. b3 Nb6 1/2-1/2

[Event "Leiden LCT op-A 7th"]
[White "Asefi, Zaheeruddeen"]
[Black "Braggaar, Pim"]
[Site "Leiden"]
[Round "7"]
[Result "1-0"]
[Date "2013.07.19"]
[WhiteElo "2078"]
[BlackElo "1987"]
[PlyCount "79"]
[EventDate "2013.07.12"]
[EventType "swiss"]
[EventRounds "9"]
[EventCountry "NED"]
[SourceTitle "CBM 155 Extra"]
[Source "ChessBase"]
[SourceDate "2013.08.26"]
[SourceVersion "1"]
[SourceVersionDate "2013.08.26"]
[SourceQuality "1"]

1. d4 d5 2. c4 c6 3. Nc3 Nf6 4. Nf3 h6 5. Bf4 dxc4 6. e3 Nd5 7. Bxb8 Nxc3 8. bxc3 Rxb8 9. Bxc4 e6 10. 0-0 Bd6 11. e4 0-0 12. e5 Be7 13. a4 a5 14. Qe2 Bd7 15. Nd2 b5 16. Bd3 b4 17. c4 Be8 18. Nb3 Rb7 19. Rfd1 g6 20. Be4 f5 21. Bf3 Qc7 22. d5 Qb6 23. d6 Bd8 24. c5 Qa7 25. Rac1 Bg5 26. Rc2 Bd7 27. Qc4 Re8 28. h4 Bd8 29. Rb2 Rb8 30. h5 Kg7 31. hxg6 Qb7 32. Bh5 Rf8 33. Nd4 Qc8 34. Rd3 Ra8 35. Re3 Qa6 36. Nxe6+ Bxe6 37. Qxe6 Ra7 38. Rf3 f4 39. g3 Qb7 40. gxf4 1-0

[Event "Leiden LCT op-A 7th"]
[White "Molinaroli, Martin"]
[Black "Braggaar, Pim"]
[Site "Leiden"]
[Round "1"]
[Result "1-0"]
[Date "2013.07.12"]
[WhiteElo "2298"]
[BlackElo "1987"]
[PlyCount "111"]
[EventDate "2013.07.12"]
[EventType "swiss"]
[EventRounds "9"]
[EventCountry "NED"]
[SourceTitle "CBM 155 Extra"]
[Source "ChessBase"]
[SourceDate "2013.08.26"]
[SourceVersion "1"]
[SourceVersionDate "2013.08.26"]
[SourceQuality "1"]

1. b3 d5 2. Bb2 Nf6 3. e3 c6 4. Nf3 Bg4 5. h3 Bh5 6. g4 Bg6 7. Ne5 Nbd7 8. Nxg6 hxg6 9. Bg2 e6 10. d3 Qc7 11. Nd2 0-0-0 12. Qe2 Kb8 13. 0-0-0 Nb6 14. Kb1 Ne8 15. f4 Be7 16. Nf3 f6 17. c4 Qd7 18. a3 Nc7 19. Rhe1 Rhe8 20. Qc2 Bf8 21. g5 Qf7 22. h4 Nd7 23. Bh3 Bd6 24. Rf1 Rh8 25. Ka2 Qf8 26. Qg2 f5 27. Qc2 Rg8 28. Rf2 Bc5 29. d4 Bd6 30. c5 Be7 31. Bf1 Rc8 32. b4 Bd8 33. a4 Na8 34. Qb3 Rc7 35. Ba3 Be7 36. Rb1 Kc8 37. b5 b6 38. bxc6 Rxc6 39. Ba6+ Kd8 40. Bb7 Rc8 41. Bxc8 Kxc8 42. Rc2 Kd8 43. Ne5 Nxe5 44. dxe5 Ke8 45. cxb6 Nxb6 46. Qb5+ Kf7 47. Rc7 Nc8 48. Qd7 Qe8 49. Bxe7 Nxe7 50. Rbb7 Qxd7 51. Rxd7 Re8 52. Rxa7 Kf8 53. Rxe7 Rxe7 54. Rxe7 Kxe7 55. Ka3 Kd7 56. Kb4 1-0

[Event "Leiden Noteboom Memorial 69th"]
[White "Braggaar, Pim"]
[Black "Beeke, Bobby"]
[Site "Leiden"]
[Round "2"]
[Result "0-1"]
[Date "2009.02.21"]
[WhiteElo "2052"]
[BlackElo "2181"]
[PlyCount "106"]
[EventDate "2009.02.07"]
[EventType "swiss"]
[EventRounds "6"]
[EventCountry "NED"]
[SourceTitle "CBM 128 Extra"]
[Source "ChessBase"]
[SourceDate "2009.03.05"]
[SourceVersion "2"]
[SourceVersionDate "2009.03.25"]
[SourceQuality "1"]

1. e4 c5 2. Nf3 d6 3. Nc3 Nf6 4. Bb5+ Bd7 5. Bxd7+ Qxd7 6. d3 g6 7. 0-0 Nc6 8. a3 Bg7 9. Bg5 0-0 10. Re1 h6 11. Bf4 e5 12. Be3 Kh7 13. Nd2 b6 14. Nf1 Rae8 15. f3 d5 16. exd5 Ne7 17. d6 Nf5 18. Bf2 Nxd6 19. Ne4 Nd5 20. Ne3 Nf4 21. a4 Nb7 22. Nc4 f5 23. Nc3 Rf7 24. Nb5 a6 25. Nc3 Qc6 26. Bg3 Rfe7 27. Rb1 Re6 28. Nd2 g5 29. Nf1 Ng6 30. Bf2 Nd6 31. Ng3 Nf4 32. Be3 Kg6 33. Qd2 Bf6 34. Qf2 a5 35. Kf1 h5 36. Kg1 h4 37. Nf1 Nh5 38. Re2 f4 39. Bd2 e4 40. Qe1 e3 41. Bc1 Nf5 42. Nb5 Be5 43. b3 h3 44. Nc3 Nh4 45. Ne4 hxg2 46. Qd1 Nxf3+ 47. Kxg2 Nd4 48. Kg1 Nf3+ 49. Kh1 Bf6 50. Rg2 Nh4 51. Bb2 Rxe4 52. Bxf6 R4e6 53. Bxg5 Qxg2# 0-1